000 nam a22 7a 4500
999 _c330540
_d330540
005 20170720155447.0
008 170719b xxu||||| |||| 00| 0 eng d
040 _cNUST
082 _a329.9549
100 _aWaseem,Mohammad & Mufti,Mariam
_93438
245 _aPolitical parties in Pakistan
_bOrganization & power structure
260 _aPakistan:
_bLUMS,
_c2012.
300 _a132p
942 _2ddc
_cBK